| 000 | 00802nam a2200217 a 4500 | ||
|---|---|---|---|
| 003 | 0 | ||
| 005 | 20250318134229.0 | ||
| 008 | 071127s19uu xx 00 eng d | ||
| 050 |
_aPGS R 728.M43 _b.At864 2007 |
||
| 100 | _aAtendido, Nathalie. | ||
| 245 |
_aAwareness of the medical professionals on medical tourism / _cNathalie Atendido. |
||
| 260 |
_aLas Piñas City, Philippines : _bSouthville International School and Colleges, _c2007. |
||
| 300 |
_a50 pages : _billustrations ; _c28 cm. |
||
| 504 | _aIncludes bibliographical references. | ||
| 650 | _aMedical tourism. | ||
| 650 |
_aHealth personnel— _vAttitudes. |
||
| 650 |
_aHospitals _vAdministration. |
||
| 650 |
_aNurses _vKnowledge, attitudes, practice. |
||
| 650 |
_aPhysicians _vKnowledge, attitudes, practice. |
||
| 942 |
_2lcc _cPASS |
||
| 999 |
_c97686 _d97686 |
||